000 00335nam a2200133Ia 4500
008 191201s2013 xx 000 0 und d
082 _a368.32
_bSHL
100 _aSHARMA, K.C.
245 0 _aLife Insurance in India: Principles and Practices
260 _aN. Delhi
_bRegal pub
_c2013
300 _a365
650 _aBBA
942 _2ddc
_cBK
999 _c5678
_d5678